Movies at the Half-Hour Mark (2000s III) Quiz Stats

 Plays Quiz Updated Jul 29, 2018

Score 0/20 Timer 05:00
5 Plays Today
% Correct
Shrek
99.3%
The Simpsons Movie
92.2%
Juno
87.7%
The 40-Year-Old Virgin
86.6%
V For Vendetta
85%
Inglourious Basterds
69.4%
O Brother Where Art Thou?
60.7%
Bring It On
59.4%
Memento
47.7%
Moulin Rouge!
47.6%
% Correct
Super Troopers
46.2%
In Bruges
44%
One Hour Photo
43.5%
Sideways
43.2%
High Fidelity
36.9%
Pineapple Express
36.3%
Children of Men
36.2%
Pan's Labyrinth
30.3%
Grandma's Boy
19.6%
In the Loop
10.2%

You're not logged in!

Compare scores with friends on all Sporcle quizzes.
Join for Free
OR
Log In

You Might Also Like...

Show Comments

Extras

Top Quizzes Today


Score Distribution

Your Account Isn't Verified!

In order to create a playlist on Sporcle, you need to verify the email address you used during registration. Go to your Sporcle Settings to finish the process.

Report this User

Report this user for behavior that violates our Community Guidelines.

Details: